000 00759nam a2200205 i 4500
001 83550
003 ES-MaACL
005 20241012063105.0
007 t|
008 041117s1949 fr ||||1| fre d
100 0 _aBilly, André,
_d1882-1971
_928895
245 1 0 _aMax Jacob /
_cune étude par André Billy ; avec des lettres inédites du poéte a Guillaume Apollinaire, un choix de poémes des inédits...
260 _a[Paris] :
_bPierre Seghers,
_c[1949] (
_fBellenand)
300 _a211 p., 2 lám. :
_bil. ;
_c16 cm.
490 1 _aPoétes d'Aujourd'hui ;
_v3
700 1 _aApollinaire, Guillaume,
_d1880-1918
_922095
830 0 _aPoétes d'Aujourd'hui ;
_v3
_9182047
852 _aES-MaACL
_jD-7507
_bR.31718
999 _c83550
_d83550